书目信息 |
| 题名: |
《作庭记》译注与研究
|
|
| 作者: | 张十庆 著 | |
| 分册: | ||
| 出版信息: | 天津 天津大学出版社 2004.05 |
|
| 页数: | 130页 | |
| 开本: | 23cm | |
| 丛书名: | 建筑文化论丛 | |
| 单 册: | ||
| 中图分类: | TU986.631.3 | |
| 科图分类: | ||
| 主题词: | 园林--规划 , 公园--绿化规划 | |
| 电子资源: | ||
| ISBN: | 7-5618-0476-8 | |
| 000 | 00715nam0 2200241 450 | |
| 001 | 0770626812 | |
| 005 | 20071221193741.42 | |
| 010 | @a7-5618-0476-8@dCNY27.00 | |
| 100 | @a20071221d2004 km y0chiy0120 ea | |
| 101 | 0 | @achi |
| 102 | @aCN@b120000 | |
| 200 | 1 | @a《作庭记》译注与研究@A《zuo ting ji》yi zhu yu yan jiu@f张十庆著@Fzhang shi qing zhu |
| 210 | @a天津@c天津大学出版社@d2004.05 | |
| 215 | @a130页@d23cm | |
| 225 | 2 | @a建筑文化论丛 |
| 410 | 0 | @12001 @a建筑文化论丛 |
| 606 | 0 | @a园林@x规划 |
| 606 | 0 | @a公园@x绿化规划 |
| 690 | @aTU986.631.3@v4 | |
| 701 | 0 | @a张十庆@Azhang shi qing@4著 |
| 801 | 0 | @aCN@b大连网信软件有限公司图书馆@c20071221 |
| 905 | @aBZT@dTU986.631.3@e1 | |
| 906 | @dCNY27.00@n0@r1 | |
| 《作庭记》译注与研究/张十庆著.-天津:天津大学出版社,2004.05 |
| 130页;23cm.-(建筑文化论丛) |
| ISBN 7-5618-0476-8:CNY27.00 |
| ● |
| 相关链接 |
|
|
|
正题名:《作庭记》译注与研究
索取号:TU986.631.3/1
 
预约/预借
| 序号 | 登录号 | 条形码 | 馆藏地/架位号 | 状态 | 备注 |
| 1 | 630515 | 2000630515 | 中心书库中库/ 中库022架A面8列1层31/ [索取号:TU986.631.3/1] | 在馆 | |
| 2 | 630516 | 2000630516 | 中心书库中库/ 中库022架A面8列1层30/ [索取号:TU986.631.3/1] | 在馆 | |
| 3 | 630517 | 2000630517 | 中心书库中库/ 中库022架A面8列1层32/ [索取号:TU986.631.3/1] | 在馆 | |
| 4 | 630518 | 2000630518 | 中心书库中库/ 中库022架A面8列1层27/ [索取号:TU986.631.3/1] | 在馆 | |
| 5 | 630519 | 2000630519 | 中心书库中库/ 中库022架A面8列1层28/ [索取号:TU986.631.3/1] | 在馆 | |
| 6 | 630520 | 2000630520 | 中心书库中库/ 中库022架A面8列1层35/ [索取号:TU986.631.3/1] | 在馆 | |
| 7 | 630521 | 2000630521 | 中心书库中库/ 中库022架A面8列1层29/ [索取号:TU986.631.3/1] | 在馆 | |
| 8 | 630522 | 2000630522 | 中心书库中库/ 中库022架A面8列1层33/ [索取号:TU986.631.3/1] | 在馆 | |
| 9 | 630523 | 2000630523 | 中心书库中库/ 中库022架A面8列1层26/ [索取号:TU986.631.3/1] | 在馆 | |
| 10 | 630524 | 2000630524 | 中心书库中库/ 中库022架A面8列1层34/ [索取号:TU986.631.3/1] | 在馆 |